| 000 | 00506nam a2200181 i 4500 | ||
|---|---|---|---|
| 001 | 121688 | ||
| 003 | ES-MaACL | ||
| 005 | 20240429130220.0 | ||
| 007 | t| | ||
| 008 | 070214s1933 fr r ||||1| fre d | ||
| 100 | 1 |
_aPlattard, Jean. _992607 |
|
| 245 | 1 | 0 |
_aMontaigne et son temps / _cJean Plattard. |
| 260 |
_aParis : _bBoivin et Cie., _c1933. |
||
| 300 |
_a297 p. : _b1 rtr. ; _c23 cm. |
||
| 600 | 1 | 4 |
_aMontaigne, Michel de, _d1533-1592 _982329 |
| 852 |
_aES-MaACL _jA-1943 |
||
| 999 |
_c121688 _d121688 |
||